Οδοιπορικαί εντυπώσεις και αναμνήσεις : ανάλεκτα

Αποθηκεύτηκε σε:
Λεπτομέρειες βιβλιογραφικής εγγραφής
Κύριος συγγραφέας: Λυκούδης, Εμμανουήλ Σ., 1849-1925
Μορφή: Βιβλίο
Γλώσσα:Greek
Δημοσίευση: Αθήναι : Εστία, 1920
Θέματα:
Ετικέτες: Προσθήκη ετικέτας
Δεν υπάρχουν, Καταχωρήστε ετικέτα πρώτοι!

MARC

LEADER 00000cam a2200000 i 4500
001 1/95478
008 081015s1920 gre d
035 |l 10100914 
040 |a GR-MY-UA  |b gre  |e aacr 
041 0 |a gre 
082 0 |a 914.9587  |2 (22) 
100 1 |a Λυκούδης, Εμμανουήλ Σ.,   |d 1849-1925. 
245 1 0 |a Οδοιπορικαί εντυπώσεις και αναμνήσεις :  |b ανάλεκτα /  |c Εμμ. Στυλ. Λυκούδη 
246 3 4 |a Οδοιπορικαί εντυπώσεις  |b ; Ρόδος Δωδεκάνησα; ανάλεκτα 
260 |a Αθήναι :   |b Εστία,   |c 1920 
300 |a 140 σ.;  |c 21 εκ. 
650 0 0 |a Travelers' writings, Greek. 
651 0 |a Rhodes (Greece : Island)  |x Description and travel. 
852 |a INST  |b RHODES  |c AKA  |e 20081015  |h  914.9587 ΛΥΚ  |p 005400031010  |q 005400031010  |t BK  |y 0 
901 |a BIBL4-2008-3 
909 |a Ρ  |b 153369 
970 |a ΚΟΖΑ  |b ΜΑΡΙΑ  |z 2008/10/15